Pensamiento político de Spinoza en su "Tratado político" /

Salvato in:
Dettagli Bibliografici
Autore principale: Calderón Alcántar, José Justino (autor)
Natura: Tesi Libro
Lingua:spagnolo
Soggetti:
Tags: Aggiungi Tag
Nessun Tag, puoi essere il primo ad aggiungerne!!

MARC

LEADER 00000nam^a2200000^a^4500
001 000152786
005 20250521000000.0
009 20260310100255.552
037 |a Acervo ITESO - Biblioteca 
041 |a ESP 
090 |a FIL. 19 
100 |a Calderón Alcántar, José Justino  |e (autor) 
245 1 0 |a Pensamiento político de Spinoza en su "Tratado político" /  |c J.J. Calderón Alcántar. 
264 |a Guadalajara, México :  |b edición de autor,  |c 2003 
300 |a 55 p. 
336 |a texto  |b txt  |2 rdacontenido 
337 |a sin mediación  |b n  |2 rdamedio 
338 |a volumen  |b nc  |2 rdasoporte 
502 |a ITESO Tesis de Licenciatura en Filosofía y Ciencias Sociales 
649 |a XX 
650 |a Filósofos Holandeses -  |x Biografías 
650 |a Filósofos Ingleses 
650 |a Filosofía Política 
650 |a Libertad 
650 |a Estado, El 
650 |a Racionalismo 
650 |a Contrato Social 
650 |a Derecho Político 
650 |a Derecho Natural 
650 |a Holanda -  |x Historia -  |y Siglo XVII 
650 |a Europa -  |x Historia -  |y Siglo XVII 
650 |a Política 
650 |a Filosofía Moderna 
650 |a Filosofía Política 
650 |a Spinoza, Baruch de 
650 |a Hobbes, Thomas 
910 |a Fondo General 
920 |a Impresos - Tesis del ITESO 
930 |a Colección General 
905 |a 104 
901 |a 0500081564  |b IT2  |c TSS  |u 20250521 
902 |a https://opac.biblio.iteso.mx/vufind/Record/000152786